OneRepublic - Chansons les plus écoutées - Statistiques

Statistiques générales
  • Ce quiz a été pris 27 fois
  • Le résultat moyen est 5 sur 20
Statistiques - réponses
Feat Chanson Vues % Correct
1 Counting Stars 4 020 311 481
86%
2 Timbaland Apologize 661 650 738
67%
3 I Ain't Worried 287 089 475
52%
8 Rescue Me 152 578 572
38%
18 Run 58 744 042
33%
10 If I Lose Myself 117 306 960
24%
17 I Lived 66 499 292
24%
12 Kids 96 497 678
24%
16 Wanted 66 803 260
24%
5 Good Life 220 003 462
19%
11 Wherever I Go 113 461 338
19%
20 Feel Again 50 036 654
14%
9 Let's Hurt Tonight 131 330 655
14%
6 Love Runs Out 191 855 203
14%
14 Seeb Rich Love 85 252 680
14%
4 Secrets 278 213 784
14%
13 Stop and Stare 93 228 247
14%
19 Kygo Stranger Things 51 663 930
10%
7 All The Right Moves 184 307 207
5%
15 Something I Need 68 874 659
5%
Aucun quiz correspondant
Distribution des résultats
% des personnes avec chaque résultat
Percentile par nombre de réponses
Votre historique - résultats
Vous n’avez pas pris ce quiz